LEADER 00824nam0-22003011i-450- 001 990001181360403321 010 $a0-387-90614-2 035 $a000118136 035 $aFED01000118136 035 $a(Aleph)000118136FED01 035 $a000118136 100 $a20000920d1982----km-y0itay50------ba 101 0 $aeng 200 1 $aMethods of Numerical Mathematics$fGurij I. Marchuk 210 $aNew York [etc.]$cSpringer-Verlag$d1982 225 1 $aApplications of mathematics$v2 610 0 $aAnalisi numerica 676 $a519.4 700 1$aMarcuk,$bGurij Ivanovic$049044 801 0$aIT$bUNINA$gRICA$2UNIMARC 901 $aBK 912 $a990001181360403321 952 $a8-M-5$b20856$fMA1 959 $aMA1 962 $a65-XX 996 $aMethods of Numerical Mathematics$9342225 997 $aUNINA DB $aING01 LEADER 01860nam 2200505I 450 001 9910702724703321 005 20150105151255.0 035 $a(CKB)5470000002430955 035 $a(OCoLC)899216236 035 $a(EXLCZ)995470000002430955 100 $a20150105j201312 ua 0 101 0 $aeng 135 $aurcn||||||||| 181 $ctxt$2rdacontent 182 $cc$2rdamedia 183 $acr$2rdacarrier 200 10$aFarfield plume measurement and analysis on the NASA-300M and NASA-300MS /$fWensheng Huang [and three others] 210 1$aCleveland, Ohio :$cNational Aeronautics and Space Administration, Glenn Research Center,$dDecember 2013. 215 $a1 online resource (35 pages) $ccolor illustrations 225 1 $aNASA/TM ;$v2013-216606 300 $aTitle from title screen (viewed Jan. 5, 2015). 300 $a"December 2013." 300 $a"Prepared for the 33rd International Electric Propulsion Conference (IEPC2013) sponsored by the Electric Rocket Propulsion Society, Washington, D.C., October 6-10, 2013." 300 $a"IEPC-2013-057." 320 $aIncludes bibliographical references (pages 34-35). 606 $aHall thrusters$2nasat 606 $aPlumes$2nasat 606 $aMagnetic shielding$2nasat 606 $aFar fields$2nasat 606 $aDensity measurement$2nasat 606 $aSolar electric propulsion$2nasat 615 7$aHall thrusters. 615 7$aPlumes. 615 7$aMagnetic shielding. 615 7$aFar fields. 615 7$aDensity measurement. 615 7$aSolar electric propulsion. 700 $aHuang$b Wensheng$01419788 712 02$aNASA Glenn Research Center, 801 0$bGPO 801 1$bGPO 906 $aBOOK 912 $a9910702724703321 996 $aFarfield plume measurement and analysis on the NASA-300M and NASA-300MS$93535494 997 $aUNINA LEADER 03850nam 2200769Ia 450 001 9910784745103321 005 20230331005443.0 010 $a1-281-43129-X 010 $a9786611431297 010 $a0-226-03217-5 024 7 $a10.7208/9780226032177 035 $a(CKB)1000000000404214 035 $a(EBL)408371 035 $a(OCoLC)476228720 035 $a(SSID)ssj0000377117 035 $a(PQKBManifestationID)11252486 035 $a(PQKBTitleCode)TC0000377117 035 $a(PQKBWorkID)10337074 035 $a(PQKB)10774106 035 $a(SSID)ssj0000303087 035 $a(PQKBManifestationID)12106454 035 $a(PQKBTitleCode)TC0000303087 035 $a(PQKBWorkID)10275247 035 $a(PQKB)11284836 035 $a(MiAaPQ)EBC408371 035 $a(DE-B1597)535510 035 $a(OCoLC)1055285197 035 $a(DE-B1597)9780226032177 035 $a(Au-PeEL)EBL408371 035 $a(CaPaEBR)ebr10230008 035 $a(CaONFJC)MIL143129 035 $a(EXLCZ)991000000000404214 100 $a19960725d1988 uy 0 101 0 $aeng 135 $aurnn#---|u||u 181 $ctxt 182 $cc 183 $acr 200 00$aMergers and acquisitions$b[electronic resource] /$fedited by Alan J. Auerbach 210 $aChicago $cUniversity of Chicago Press$d1988 215 $a1 online resource (124 p.) 225 1 $aNational Bureau of Economic Research project report 300 $aDescription based upon print version of record. 311 0 $a0-226-03210-8 311 0 $a0-226-03209-4 320 $aIncludes bibliographies and index. 327 $tFront matter --$tNational Bureau of Economic Research --$tRelation of the Directors to the Work and Publications of the National Bureau of Economic Research --$tContents --$tAcknowledgments --$tIntroduction --$t1. The Growth of the "Junk" Bond Market and Its Role in Financing Takeovers --$t2. Mergers and Acquisitions in the U.S. Economy: An Aggregate and Historical Overview --$t3. An Overview of Takeover Defenses --$t4. The Impact of Taxation on Mergers and Acquisitions --$t5. Management Buyouts as a Response to Market Pressure --$tContributors --$tIndex 330 $aDo mergers lead to financial instability? How are shareholders' interests best served? How significant a role do taxes play? What are the implications for the structure and concentration of industry? Mergers and Acquisitions, prepared in an nontechnical format, answers these and other questions that have arisen from the takeover boom that began in the mid-1980s. "A significant piece of scholarship."-Peter Fuhrman, Forbes "Accessible to interested laypersons and policy makers. . . . [A] thoroughly readable and informative book."-Gregg A. Jarrell, Journal of Economic Literature 410 0$aNational Bureau of Economic Research project report. 606 $aConsolidation and merger of corporations$vCongresses 606 $aJunk bonds$vCongresses 606 $aConsolidation and merger of corporations$xTaxation$vCongresses 610 $afinance, financial, economy, economics, wealth, stability, instability, shareholders, taxes, taxation, structure, industry, industrial, 1980s, questions, answers, academic, scholarly, research, history, historical, diachronic, essay collection, policy, bonds, junk, growth, takeover, defense, market, management, buyout, court case, advice, handbook. 615 0$aConsolidation and merger of corporations 615 0$aJunk bonds 615 0$aConsolidation and merger of corporations$xTaxation 676 $a338.830973 676 $a658.1/6 676 $a658.16 701 $aAuerbach$b Alan J$0115466 801 0$bMiAaPQ 801 1$bMiAaPQ 801 2$bMiAaPQ 906 $aBOOK 912 $a9910784745103321 996 $aMergers and Acquisitions$9417645 997 $aUNINA